| 000 | 01354cam a22003254a 4500 | ||
|---|---|---|---|
| 005 | 20230609120414.0 | ||
| 008 | 020529m20029999ne a b 001 0 eng | ||
| 010 |
_a 2002107431 _z 2002117165 |
||
| 020 | _a0122252616 (alk. paper) | ||
| 035 | _a(DLC) 2002107431 | ||
| 040 |
_aDLC _cDLC _dDLC |
||
| 042 | _apcc | ||
| 082 | 0 | 0 |
_a621.382 _222 _bDUT-W |
| 100 | _aDutta,Achyut K | ||
| 245 | 0 | 0 |
_aWDM technologies / _cedited by Achyut K. Dutta, Niloy K. Dutta, Masahiko Fujiwara. |
| 260 |
_aAmsterdam ; _aBoston : _bAcademic Press, _cc2002-<c2003 > |
||
| 300 |
_av. <1-2 > : _bill. ; _c24 cm. |
||
| 504 | _aIncludes bibliographical references and indexes. | ||
| 650 | 0 | _aWavelength division multiplexing. | |
| 650 | 0 | _aOptical communications. | |
| 650 | 0 | _aOptoelectronic devices. | |
| 700 | 1 | _aDutta, Achyut K. | |
| 700 | 1 |
_aDutta, Niloy K., _d1953- |
|
| 700 | 1 | _aFujiwara, Masahiko. | |
| 856 | 4 | 2 |
_3Publisher description _uhttp://www.loc.gov/catdir/description/els031/2002107431.html |
| 856 | 4 | 1 |
_3Table of contents _uhttp://www.loc.gov/catdir/toc/els031/2002107431.html |
| 906 |
_a7 _bcbc _corignew _d2 _eepcn _f20 _gy-gencatlg |
||
| 999 |
_c18699 _d18699 |
||